000
00301nam a22001337a 4500
008
210302b ||||| |||| 00| 0 eng d
020
_a
9781618533081
041
_a
eng
080
_2
4th
_a
330.722.6
100
_a
61
101
_a
KF
245
_a
Financial Accounting
_c
Wallace,S.J
942
_2
udc
_c
BK
999
_c
55467
_d
55467